000 00511nam a2200217Ia 4500
003 OSt
005 20241016142833.0
008 210210b2008 xxu||||| |||| 00| 0 eng d
020 _a9780415046725
040 _cAL
041 _aeng
082 _a302.2 FISI
100 _aFISKE (John)
_9182529
245 _aIntroduction to communication studies
250 _a2.
260 _aNew York
_bRoutledge
_c2008
300 _axvi,203
690 _aCommunication
_9182530
906 _a065965
942 _2ddc
_cBK
999 _c147342
_d147342